寄給美國兒媳的十二封信
| 資料類型: | 圖書 | 書目號: | 46882 |
Leader xxxxxxxxxx 001 __ PCLIS00046882 005 __ 20130224160700.0008 010 0_ |a978-957-41-9611-1|b平裝|dNT:300 042 __ |anbim 100 __ |a20121114d2012 m y0chiy09 e 101 1_ |achi 102 __ |atw 200 1_ |a寄給美國兒媳的十二封信|d哲學爸爸的叮嚀|e|f黃成權作 205 __ |a初版 210 __ |a桃園縣平鎮市|c黃成權出版:濬哲發行|d2012(民101) 215 0_ |a192面|c圖|d21公分 225 __ |a|v 300 __ |a 681 __ |a855|b4454 700 _1 |a黃|b成權|4作 702 __ |a|b|4 801 _0 |atw|bNCC|c20121114|gCCR |